000 00470nam a2200169Ia 4500
008 090711s9999 xx 000 0 und d
082 _b70081
100 _aप्रभावळकर दिलीप
245 _aगुगली
260 _c1992
300 _a142
600 _aप्रभावळकर दिलीप
630 _aगुगली
700 _aप्रभावळकर दिलीप
730 _aगुगली
942 _cBOOK
999 _c320327
_d320327